000 00304nam a2200109Ia 4500
008 230907s9999||||xx |||||||||||||| ||und||
082 _a658.5
_bTAY
245 0 _aGlobal cases in logistics and supply chain management /
260 _aCengage Learning,
_bAustralia :
_c1997
300 _a380 p.
942 _cBK
999 _c600804
_d600804